Fathepur Sikri and Monuments (Record no. 2496)

000 -LEADER
fixed length control field 00259nam a2200109Ia 4500
008 - FIXED-LENGTH DATA ELEMENTS--GENERAL INFORMATION
fixed length control field 200302s9999 xx 000 0 und d
100 ## - MAIN ENTRY--PERSONAL NAME
Personal name R. Nath
245 ## - TITLE STATEMENT
Title Fathepur Sikri and Monuments
260 ## - PUBLICATION, DISTRIBUTION, ETC.
Name of publisher, distributor, etc. The Historical Research
260 ## - PUBLICATION, DISTRIBUTION, ETC.
Date of publication, distribution, etc. 2000
300 ## - PHYSICAL DESCRIPTION
Extent 160p.,
Holdings
Withdrawn status Lost status Damaged status Not for loan Permanent Location Current Location Date acquired Cost, normal purchase price Total Checkouts Full call number Barcode Date last seen Date last checked out Price effective from Koha item type
        BMS College of Architecture, Design and Planning BMS College of Architecture, Design and Planning 2020-03-03 500.00 1 720.9542 CL-UG49602 2024-10-15 2024-10-14 2020-03-03 UG Books from CL
Copyright © 2025, The Librarian, Library and Information Centre, BMSCA D&P, Bengaluru. All Rights Reserved
web counter

Powered by Koha